Taxing wages Les impôts sur les salaires.
| Nuevo Título: | Impôts sur les salaires |
|---|---|
| Título anterior: | Tax/benefit position of employees |
| Autor Corporativo: | |
| Formato: | Electrónico Seriadas |
| Lenguaje: | inglés francés |
| Publicado: |
Paris :
Organisation for Economic Co-operation and Development,
©2000-
|
| Colección: | Statistics (Organisation for Economic Co-operation and Development)
|
| Materias: | |
| Acceso en línea: | Full text available from Research Library: 01/01/2011 to 12/31/2011 Full text available from Research Library: 01/01/2013 to 6 months ago |
MARC
| LEADER | 00000nas a2200000 a 4500 | ||
|---|---|---|---|
| 001 | ssj0000399068 | ||
| 003 | WaSeSS | ||
| 005 | 20200512172242.0 | ||
| 006 | m d | ||
| 007 | cr n | ||
| 008 | 000526c19999999fr ar ss i0 0eng c | ||
| 010 | |a 00236482 | ||
| 016 | |a (AMICUS)000024159741 | ||
| 022 | |l 1995-3844 |y 1995-3844 | ||
| 035 | |a (WaSeSS)ssj0000399068 | ||
| 040 | |a IL# |b eng |c IL# |d HVL |d DLC |d SLU |d SYS |d MUQ |d MYG |d WAU |d OCL |d HVL |d NLGGC |d NIALS |d UMC |d OCLCQ |d OCLCF |d WAU |d IUL |d I8M |d OCLCQ |d NLC |d OCLCQ |d OCLCA |d RDF |d AU@ |d WaSeSS | ||
| 041 | 0 | |a eng |a fre | |
| 042 | |a pcc | ||
| 050 | 0 | 0 | |a HC79.I5 |b T35 |
| 050 | 1 | 4 | |a HD4961 |b .T382 |
| 210 | 1 | |a Taxing wages | |
| 222 | 0 | |a Taxing wages | |
| 245 | 0 | 0 | |a Taxing wages |h [electronic resource] = |b Les impôts sur les salaires. |
| 246 | 3 | 1 | |a Impôts sur les salaires |
| 260 | |a Paris : |b Organisation for Economic Co-operation and Development, |c ©2000- | ||
| 310 | |a Annual | ||
| 362 | 0 | |a 1998/1999- | |
| 490 | 1 | |a <1999/2000-2003/2004>: Statistics = |a Statistiques | |
| 500 | |a French title dropped with 2003/2004. | ||
| 506 | |a License restrictions may limit access. | ||
| 515 | |a Vols. for 1998/1999-<2003/2004> called also 1999-<2004> ed. | ||
| 546 | |a English and French -2002/2003; chiefly in English with some French text, 2003/2004- | ||
| 580 | |a French ed. issued separately, 2003/2004- : Les impôts sur les salaires. | ||
| 588 | |a Latest issue consulted: 2011/2012 copyright 2013. | ||
| 650 | 0 | |a Income |z OECD countries |v Statistics |v Periodicals. | |
| 650 | 0 | |a Income tax |z OECD countries |v Statistics |v Periodicals. | |
| 650 | 7 | |a Income. |2 fast |0 (OCoLC)fst00968635 | |
| 650 | 7 | |a Income tax. |2 fast |0 (OCoLC)fst00968719 | |
| 650 | 1 | 7 | |a Inkomen. |2 gtt |
| 650 | 1 | 7 | |a Belastingen. |2 gtt |
| 650 | 1 | 7 | |a Sociale uitkeringen. |2 gtt |
| 650 | 6 | |a Revenu |x Statistiques |v Périodiques. | |
| 650 | 6 | |a Impôt sur le revenu |x Statistiques |v Périodiques. | |
| 651 | 7 | |a OECD countries. |2 fast |0 (OCoLC)fst01277092 | |
| 655 | 0 | |a Electronic journals. | |
| 710 | 2 | |a Organisation for Economic Co-operation and Development. | |
| 776 | 0 | 8 | |i Computer disk version: |t Taxing wages |w (OCoLC)45865071 |
| 780 | 0 | 0 | |t Tax/benefit position of employees |w (DLC) 98649051 |w (OCoLC)38489102 |
| 785 | 0 | 1 | |t Impôts sur les salaires |x 1995-3852 |
| 830 | 0 | |a Statistics (Organisation for Economic Co-operation and Development) | |
| 850 | |a DLC |a MoSU-L | ||
| 853 | 3 | 3 | |8 1 |a (year/year) |
| 856 | 4 | 0 | |z Full text available from Research Library: 01/01/2011 to 12/31/2011 |u https://search.proquest.com/publication/2026443 |
| 856 | 4 | 0 | |z Full text available from Research Library: 01/01/2013 to 6 months ago |u https://search.proquest.com/publication/2026443 |
| 863 | 4 | 0 | |8 1 |a <1998/1999> |x provisional |